| 000 | 00440 a2200133 4500 | ||
|---|---|---|---|
| 001 | 91970 | ||
| 082 | _aPR 1744 | ||
| 090 |
_c43920 _d43919 |
||
| 100 | _aAhmad Mustafa; Prof Atif Bin Mansoor, Advisor | ||
| 245 |
_aDevelopment of multi-vehicle tracking system with enhanced control features and improved geographical informatiom system (GIS) _n65 "B" EC |
||
| 260 |
_aRawalpindi _bNUST _c2009 |
||
| 300 | _a44p | ||
| 500 | _aBE Project Report | ||
| 942 |
_aCAE NUST _kPR 1744 |
||
| 999 |
_c327043 _d327043 |
||